000 00642nam a22002172 4500
001 0000024220
005 20151217145946.0
008 130619s xx 000 0 eng d
020 _a817141365x :
040 _aKABU
_cKABU
100 1 _aDewan, J. M.
_@0000184200
245 1 0 _aInternational marketing management /
_cJ. M. Dewan, K. N. Sudarshan.
250 _a1st ed.
260 _aNew Delhi :
_bDiscovery,
_c1996.
300 _av, 356 p.
650 0 _aExport marketing.
_@0000151331
700 1 _aSudarshan, K. N.
_@0000184201
852 1 _9p2070 KES
908 _a130619
950 _@1
999 _c4493
_d4493